Normas para medir los resultados económicos en las empresas agropecuarias
Guardado en:
| Formato: | Libro |
|---|---|
| Publicado: |
Buenos Aires :
Aacrea,
1990
|
| Materias: | |
| Etiquetas: |
Agregar Etiqueta
Sin Etiquetas, Sea el primero en etiquetar este registro!
|
| LEADER | 00473nam a22001455a 4500 | ||
|---|---|---|---|
| 001 | CEM.cems016521 | ||
| 005 | 20110922102822.0 | ||
| 008 | 130507s1990##################000#0#####d | ||
| 003 | CEMS | ||
| 082 | 0 | 4 | |a 338.17 |
| 245 | 0 | 0 | |a Normas para medir los resultados económicos en las empresas agropecuarias |
| 260 | |a Buenos Aires : |b Aacrea, |c 1990 | ||
| 300 | |a 80 p. | ||
| 653 | |a Empresas agropecuarias-medición de resultados | ||
| 859 | |a CEMS |b BIB. CEMS - Agricultura |h 338.17 |i N789 |p A0197.00 |t Ej.1 | ||
